|
|
|
|
| LEADER |
00000cam a22000004a 4500 |
| 001 |
musev2_4073 |
| 003 |
MdBmJHUP |
| 005 |
20230905040513.0 |
| 006 |
m o d |
| 007 |
cr||||||||nn|n |
| 008 |
071001s2008 txu o 00 0 eng d |
| 010 |
|
|
|z 2007040739
|
| 020 |
|
|
|a 9781602581708
|
| 020 |
|
|
|z 9781435632325
|
| 020 |
|
|
|z 9781481301602
|
| 020 |
|
|
|z 9781602580718
|
| 035 |
|
|
|a (OCoLC)212925570
|
| 040 |
|
|
|a MdBmJHUP
|c MdBmJHUP
|
| 050 |
0 |
4 |
|a BR516
|b .G87 2008
|
| 082 |
0 |
|
|a 261.70973
|2 22
|
| 100 |
1 |
|
|a Gushee, David P.,
|d 1962-
|
| 245 |
1 |
4 |
|a The Future of Faith in American Politics :
|b The Public Witness of the Evangelical Center /
|c David P. Gushee.
|
| 264 |
|
1 |
|a Waco, Tex. :
|b Baylor University Press,
|c 2008.
|
| 264 |
|
3 |
|a Baltimore, Md. :
|b Project MUSE,
|c 2012
|
| 264 |
|
4 |
|c ©2008.
|
| 300 |
|
|
|a 1 online resource (358 pages).
|
| 336 |
|
|
|a text
|b txt
|2 rdacontent
|
| 337 |
|
|
|a computer
|b c
|2 rdamedia
|
| 338 |
|
|
|a online resource
|b cr
|2 rdacarrier
|
| 504 |
|
|
|a Includes bibliographical references (p. 311-319) and indexes.
|
| 505 |
0 |
|
|a Part I: Evangelicals and public life : across the spectrum -- Clearing the ground -- The evangelical right -- The evangelical left -- The emerging evangelical center -- Part II: Finding the center : key issues for evangelical public engagement -- Torture and human rights -- Marriage and the law -- Creation care and the climate change debate -- Evangelicals and war -- Conclusion: A way ahead for evangelicals and American culture.
|
| 588 |
|
|
|a Description based on print version record.
|
| 650 |
|
0 |
|a Evangelicalism
|z United States.
|
| 650 |
|
0 |
|a Christianity and politics
|z United States.
|
| 651 |
|
0 |
|a United States
|x Church history.
|
| 655 |
|
7 |
|a Electronic books.
|2 local
|
| 710 |
2 |
|
|a Project Muse.
|e distributor
|
| 830 |
|
0 |
|a Book collections on Project MUSE.
|
| 856 |
4 |
0 |
|z Texto completo
|u https://projectmuse.uam.elogim.com/book/4073/
|
| 945 |
|
|
|a Project MUSE - Custom Collection
|
| 945 |
|
|
|a Project MUSE - Archive Complete Foundation
|
| 945 |
|
|
|a Project MUSE - Archive Philosophy and Religion Foundation
|
| 945 |
|
|
|a Project MUSE - Archive American Studies Foundation
|